000 00342nam a2200145Ia 4500
008 191201s2003 xx 000 0 und d
082 _a621.4
_bSHP
100 _aSHARMA, P C
245 0 _aPower Plant Engineering
250 _a7th
260 _aN.Delhi
_bS K Kataria and Sons
_c2003
300 _a810
650 _aB.Tech(ME)
942 _2ddc
_cBK
999 _c973
_d973